Všetko záleží od dôvery Zhovárame sa s novým primátorom Košíc R. Bauerom

Bibliographic Details
Main Author: Bauer, Rudolf, 1957- (Author)
Format: Article
Language:Slovak
Subjects:

MARC

LEADER 00000nab a2200000 a 4500
001 vtls000918793
003 SK-MaSNL
005 20260303034243.0
008 040720e19930125xo 0 slo
035 |a KE27670 
040 |a KEVKJB  |b slo  |c KEVKJB  |e AACR2 
041 0 |a slo 
044 |a xo  |c SK 
080 |a 352.075.2  |2 1981 
100 1 |a Bauer, Rudolf,  |d 1957-  |4 aut  |9 100179 
245 1 0 |a Všetko záleží od dôvery  |b Zhovárame sa s novým primátorom Košíc R. Bauerom 
590 |a Bauer, Rudolf  |b činiteľ verejný,poslanec NR, predseda VÚC, primátor 
600 1 7 |a Bauer, Rudolf,  |d 1957-  |2 KEVKJB  |9 100179 
650 0 7 |a sociálny rozvoj  |2 KEVKJB  |9 67413 
650 0 7 |a perspektívy  |2 KEVKJB  |9 290252 
650 0 7 |a rozhovory  |2 KEVKJB  |9 453585 
651 7 |a KE,  |2 KEVKJB  |9 877256 
655 7 |a periodikum  |2 snkbucl  |9 29553 
773 0 8 |t Slovenský denník  |g Roč. 4  |g Roč. 28, č.19, 25.1.1993, s. 1,2 
852 |a ZVYKNI  |b KIS3GCP 
999 |c 1672903  |d 1674833